|
|
|
|
| LEADER |
00000nam a2200000 a 4500 |
| 001 |
vtls001402844 |
| 003 |
SK-MaSNL |
| 005 |
20260301012124.0 |
| 008 |
210928s1968 xo 0 slo |
| 020 |
|
|
|c 2,00
|
| 035 |
|
|
|a SNK000357391
|
| 040 |
|
|
|a SNK
|b slo
|c SNK
|e AACR2
|
| 041 |
0 |
|
|a slo
|
| 044 |
|
|
|a xo
|c SK
|
| 080 |
|
|
|a 779
|2 1981
|
| 110 |
0 |
|
|a Piešťany (Slovensko)
|b Kúpele
|4 aut
|9 295368
|
| 245 |
1 |
|
|a Piešťany
|h grafika
|b Kolonádový most, Kúpalisko Eva, Liečebný dom Slovan, Liečebný ústav Thermia Palace, Kúpele Irma
|
| 260 |
|
|
|a [S.l.]
|b Epocha
|c 1968
|
| 300 |
|
|
|a 1 pohľadnica
|b farebný ofset, 4 čiastkové pohľady
|c 10x15 cm
|
| 610 |
|
7 |
|a Kúpele Piešťany (Slovensko)
|2 SNK
|9 22587
|
| 650 |
0 |
7 |
|a pohľadnice
|z Piešťany (Slovensko:kúpele)
|2 SNK
|9 283877
|
| 958 |
|
|
|a OND
|
| 999 |
|
|
|c 552713
|d 554643
|
| 952 |
|
|
|t P60, <03>, [BOOK], {603}
|a SNK
|b SNK
|y PREZ
|7 0
|p 17A0553955
|o snkSP 150485
|i snkPV 1950/2000
|0 0
|1 0
|4 0
|d 2000-12-12
|l 0
|r 2005-01-02 00:00:00
|w 2026-02-23
|